[Event "20th Zadar Open A 2013"]
[Site "Zadar CRO"]
[Date "2013.12.18"]
[Round "5.1"]
[White "Kozul,Z"]
[Black "Zelcic,R"]
[Result "0-1"]
[WhiteElo "2590"]
[BlackElo "2519"]

1.d4 Nf6 2.Nf3 e6 3.c4 Bb4+ 4.Bd2 Qe7 5.g3 Bxd2+ 6.Qxd2 Nc6 7.Nc3 d5 8.Bg2 dxc4
9.Ne5 Nxe5 10.dxe5 Nd7 11.Qd4 Nb6 12.O-O Rb8 13.Rfd1 Bd7 14.Rd2 O-O 15.Rad1 Qe8
16.Be4 Ba4 17.Nxa4 Qxa4 18.Bb1 g6 19.Qc3 Qb5 20.e4 Qc5 21.Bc2 Qe7 22.a4 a5
23.Qxa5 Ra8 24.Qc3 Nxa4 25.Bxa4 Rxa4 26.h4 Qc5 27.h5 gxh5 28.Rd8 Ra8 29.R8d7 Ra5
30.Kg2 Qxe5 31.Qxc4 Rc5 32.Qe2 Rb5 33.R1d4 c6 34.Qd2 c5 35.Rc4 Rxb2 36.Qe3 b6
37.Kh3 Qf6 38.Kg2 e5 39.Ra4 h4 40.Ra3 h3+ 41.Kxh3 Rxf2 42.Rad3 Qe6+ 43.g4 Rf4
44.Qe2 h5 45.Kh2 Qf6 46.Kg2 Rxg4+  0-1

[Event "WYCC U16 Girls 2013"]
[Site "Al-Ain UAE"]
[Date "2013.12.20"]
[Round "3.28"]
[White "Trippold,Denise"]
[Black "Franca,Veronika"]
[Result "1/2-1/2"]
[WhiteElo "1789"]
[BlackElo "1965"]

1.d4 Nf6 2.c4 e6 3.Nf3 Bb4+ 4.Bd2 Qe7 5.g3 Nc6 6.Nc3 O-O 7.Bg2 Bxc3 8.Bxc3 Ne4
9.Rc1 d6 10.O-O Nxc3 11.Rxc3 e5 12.d5 Nb8 13.Nd2 f5 14.c5 Na6 15.cxd6 cxd6
16.Qb3 b6 17.Qa3 Nc7 18.Rc6 Nb5 19.Qd3 Nd4 20.Rcc1 Qd7 21.e3 Nb5 22.Rc2 Nc7
23.Rfc1 Na6 24.Qa3 b5 25.b4 Rb8 26.e4 Bb7 27.Bh3 g6 28.Qb2 Qf7 29.f3 Rbc8
30.a3 Nb8 31.Rxc8 Rxc8 32.Rxc8+ Bxc8 33.Qc3 Qb7 34.Kf1 Bd7 35.Nb3 Qc8 36.Qxc8+ Bxc8
37.Ke2 Kf7 38.Bf1 fxe4 39.fxe4 Bd7 40.Kf3 h6  1/2-1/2

[Event "20th Zadar Open A 2013"]
[Site "Zadar CRO"]
[Date "2013.12.21"]
[Round "9.5"]
[White "Indjic,A"]
[Black "Cvitan,O"]
[Result "0-1"]
[WhiteElo "2541"]
[BlackElo "2558"]

1.d4 Nf6 2.c4 e6 3.Nf3 Bb4+ 4.Bd2 Qe7 5.g3 Bxd2+ 6.Qxd2 Nc6 7.Nc3 d5 8.Ne5 dxc4
9.Nxc4 O-O 10.e3 e5 11.d5 Rd8 12.Bg2 e4 13.dxc6 Rxd2 14.Nxd2 bxc6 15.Ndxe4 Rb8
16.Nxf6+ Qxf6 17.O-O-O Bg4 18.f3 Be6 19.Rd2 Rd8 20.Rxd8+ Qxd8 21.f4 Qe7 22.Rd1 g6
23.Rd4 Bd5 24.Be4 Qe6 25.Nxd5 cxd5 26.Bxd5 Qxe3+ 27.Rd2 h5 28.b3 Kg7 29.Kd1 h4
30.gxh4 Qxf4 31.h5 Qg4+ 32.Ke1 Qxh5 33.Bc4 Qe5+ 34.Kf1 f5 35.Re2 Qd6 36.a4 Kf6
37.Kg2 Kg5 38.Rf2 Qd4 39.Kf1 Qe4 40.Rg2+ Kf6 41.Rf2 g5 42.Kg1 g4 43.Rf1 Kg5
44.Rf2 f4 45.Rf1 Kh4  0-1

[Event "WYCC U16 Girls 2013"]
[Site "Al-Ain UAE"]
[Date "2013.12.27"]
[Round "10.1"]
[White "Khademalsharieh,S"]
[Black "Osmak,Iulija"]
[Result "1-0"]
[WhiteElo "2298"]
[BlackElo "2212"]

1.d4 Nf6 2.Nf3 e6 3.c4 Bb4+ 4.Bd2 a5 5.Nc3 b6 6.g3 Bb7 7.Bg2 O-O 8.O-O d6
9.Rc1 Nbd7 10.Qc2 h6 11.Ne1 Bxg2 12.Nxg2 Bxc3 13.Bxc3 d5 14.cxd5 exd5 15.Bd2 Re8
16.Be3 Rc8 17.Qf5 Qe7 18.Rc6 Nb8 19.Rc2 Na6 20.a3 Qe4 21.Qxe4 Rxe4 22.f3 Re7
23.Rfc1 a4 24.Rc6 Rce8 25.Kf2 Nd7 26.R1c2 Re6 27.h4 Ndc5 28.Rxe6 Nxe6 29.Nf4 Nxf4
30.Bxf4 c5 31.dxc5 bxc5 32.e4 d4 33.Rc4 Rc8 34.Rxa4 Nc7 35.Rc4 Ne6 36.Bc1 Rb8
37.f4 d3 38.b4 Nd4 39.bxc5 Nb3 40.Ke3 Rd8 41.Bd2 Na1 42.Bb4 Nb3 43.Bd2 Na1
44.Ba5 Nc2+ 45.Kd2 Ra8 46.Bb4 Nxa3 47.Bxa3 Rxa3 48.c6 Ra8 49.Kxd3 Kf8 50.Kd4 Ke7
51.Kc5 Kd8 52.Rd4+ Kc8 53.Rd7 Ra3 54.Rxf7 Rxg3 55.e5 Rc3+ 56.Kd6 Rd3+ 57.Ke6 Rc3
58.Rxg7 Rxc6+ 59.Kf5 Kd8 60.Rg6  1-0

[Event "Karpov-Timman Match 2013"]
[Site "Groningen NED"]
[Date "2013.12.27"]
[Round "2"]
[White "Karpov,Ana"]
[Black "Timman,J"]
[Result "1/2-1/2"]
[WhiteElo "2619"]
[BlackElo "2600"]

1.d4 Nf6 2.c4 e6 3.Nf3 Bb4+ 4.Bd2 Qe7 5.g3 Bxd2+ 6.Qxd2 Nc6 7.Nc3 d5 8.cxd5 exd5
9.Bg2 O-O 10.O-O Bg4 11.Qf4 Rfe8 12.Rac1 Rad8 13.Rfd1 h6 14.h3 Bxf3 15.Qxf3 a6
16.e3 Na7 17.Qe2 c6 18.Na4 Nd7 19.Qc2 Nb5 20.Nc5 Nxc5 21.dxc5 Nc7 22.b4 Ne6
23.Qb2 Ng5 24.h4 Ne4 25.Bxe4 Qxe4 26.Rd4 Qe5 27.Qc2 f5 28.a4 Qf6 29.b5 axb5
30.axb5 Re4 31.Rcd1 Rde8 32.Kg2 f4 33.gxf4 Qxh4 34.bxc6 bxc6 35.Rxe4 Rxe4
36.Rb1 Qg4+ 37.Kf1 Qh3+ 38.Ke2 Qh5+ 39.Kf1 Qh3+ 40.Ke2 Qg4+ 41.Kf1 h5 42.Rb8+ Kh7
43.Re8 Qg6 44.Rd8 h4 45.Rd6 Qf5 46.Qd1 Re6 47.Rxe6 Qxe6 48.Qh5+ Qh6 49.Qg4 Qf6
50.Kg2 Qe7 51.f5 Qxc5 52.Qg6+ Kg8 53.Qe6+ Kh7 54.Qg6+ Kg8 55.Qe6+ Kh7  1/2-1/2

[Event "WYCC U16 Girls 2013"]
[Site "Al-Ain UAE"]
[Date "2013.12.28"]
[Round "11.41"]
[White "Trippold,Denise"]
[Black "Wen,Jessica"]
[Result "1-0"]
[WhiteElo "1789"]
[BlackElo "1646"]

1.d4 Nf6 2.c4 e6 3.Nf3 Bb4+ 4.Bd2 Qe7 5.g3 O-O 6.Bg2 Bxd2+ 7.Qxd2 Ne4 8.Qc2 Qb4+
9.Nbd2 Nxd2 10.Nxd2 d6 11.O-O e5 12.dxe5 dxe5 13.Ne4 f5 14.a3 Qe7 15.Nc3 c6
16.b4 Be6 17.Na4 Nd7 18.Nb2 f4 19.c5 Rac8 20.Nc4 Bxc4 21.Qxc4+ Kh8 22.Rad1 fxg3
23.hxg3 Nf6 24.Rd6 Rcd8 25.Rfd1 Rde8 26.a4 e4 27.e3 Qf7 28.Qxf7 Rxf7 29.Bh3 Rfe7
30.b5 Rc7 31.Rd8 Re7 32.bxc6 bxc6 33.Rxe8+ Rxe8 34.Rd6 h6 35.Rxc6 Rd8 36.Rd6 Rb8
37.Bf5 Kg8 38.c6 Rb1+ 39.Kg2 Rc1 40.Bd7 Kf8 41.Rd4 Ke7 42.g4 a5 43.Kg3 Rg1+
44.Kf4 Rc1 45.Kf5 Rc5+ 46.Kf4 g5+ 47.Kg3 h5 48.gxh5 Nxh5+ 49.Kg2 Nf6 50.Kh3 Rc1
51.Kg2 Rc2 52.Kf1 Rc1+ 53.Ke2 Rc2+ 54.Rd2 Rc1 55.Rd4 Rc2+ 56.Kd1 Rc3 57.Kd2 Rc5
58.Ke2 Rc2+ 59.Rd2 Rc1 60.Rb2 Nxd7 61.cxd7 Kxd7 62.Rb5 Ra1 63.Rxa5 g4 64.Ra6 Kc7
65.a5 Kb7 66.Re6 Rxa5 67.Rxe4 Rg5 68.Rc4 Kb6 69.Kd3 g3 70.fxg3 Rxg3 71.Rc1 Kb5
72.Kd4 Rg4+ 73.e4 Kb6 74.Kd5 Rg2 75.e5 Rd2+ 76.Ke6 Re2 77.Kf6 Rf2+ 78.Ke7 Rd2
79.e6 Re2 80.Kd7  1-0

[Event "22nd Donau Open 2013"]
[Site "Aschach AUT"]
[Date "2013.12.28"]
[Round "4.7"]
[White "Handler,L"]
[Black "Belezky,A"]
[Result "1/2-1/2"]
[WhiteElo "2402"]
[BlackElo "2451"]

1.d4 Nf6 2.c4 e6 3.Nf3 Bb4+ 4.Bd2 Qe7 5.g3 Nc6 6.Bg2 Bxd2+ 7.Nbxd2 O-O 8.O-O d6
9.e4 e5 10.d5 Nb8 11.Ne1 a5 12.Nd3 Bg4 13.f3 Bd7 14.Nb1 c6 15.dxc6 bxc6 16.Nc3 c5
17.f4 Nc6 18.Nd5 Nxd5 19.exd5 Nb4 20.fxe5 Nxd3 21.Qxd3 Qxe5 22.Qd2 Rfb8 23.b3 Qe7
24.Rae1 Qf8 25.Be4 Re8 26.a4 Re5 27.Bc2 Qe7 28.Rxe5 Qxe5 29.Re1 Qf6 30.Rf1 Qe5
31.Re1 Qf6 32.Rf1 Qe5  1/2-1/2

[Event "PanAm Intercollegiate 2013"]
[Site "Lubbock USA"]
[Date "2013.12.28"]
[Round "3.2"]
[White "Shen,V"]
[Black "Steingrimsson,H"]
[Result "1/2-1/2"]
[WhiteElo "2424"]
[BlackElo "2544"]

1.d4 Nf6 2.c4 e6 3.Nf3 Bb4+ 4.Bd2 Qe7 5.g3 Bxd2+ 6.Nbxd2 d6 7.Bg2 e5 8.Qb3 O-O
9.O-O a5 10.Rac1 h6 11.e4 b6 12.Qa3 c5 13.d5 Na6 14.Qe3 g5 15.Ne1 Ng4 16.Qe2 f5
17.h3 Nf6 18.exf5 Bxf5 19.f4 gxf4 20.Rxf4 Bg6 21.Rh4 Qg7 22.Qe3 h5 23.a3 Rae8
24.Nd3 Nc7 25.a4 Re7 26.Nf2 Nce8 27.Kh2 Ref7 28.Rf1 Bf5 29.Nfe4 Qg6 30.Ng5 Re7
31.Nde4 Bxe4 32.Nxe4 Rg7 33.Nc3 Qg5 34.Qd3 Rff7 35.b3 Qg6 36.Qe3 Qg5 37.Qd3 Kf8
38.Nb5 Rg8 39.Nc3 Rgg7 40.Nb5 Qg6 41.Qe3 Qg5 42.Qd3 Qg6 43.Qe3 Qg5  1/2-1/2

[Event "Cracovia Open A 2013-14"]
[Site "Krakow POL"]
[Date "2013.12.30"]
[Round "5.2"]
[White "Malaniuk,V"]
[Black "Mastrovasilis,A"]
[Result "1/2-1/2"]
[WhiteElo "2545"]
[BlackElo "2550"]

1.d4 Nf6 2.Nf3 e6 3.c4 Bb4+ 4.Bd2 a5 5.g3 d6 6.Bg2 Nbd7 7.O-O e5 8.Nc3 exd4
9.Nxd4 O-O 10.Nc2 Bc5 11.Be3  1/2-1/2